000
00305nam a2200121 a 4500
005
20140414132113.0
008
110817s19uu xx 00 eng d
050
_a
REF 503
_b
C73 1990
245
_a
Communicating.
260
_a
Singapore :
_b
Worl book,
_c
1990.
440
_a
Young Scientist
999
_c
114836
_d
114836